<?xml version="1.0" encoding="UTF-8"?>
<record
    xmlns:xsi="http://www.w3.org/2001/XMLSchema-instance"
    xsi:schemaLocation="http://www.loc.gov/MARC21/slim http://www.loc.gov/standards/marcxml/schema/MARC21slim.xsd"
    xmlns="http://www.loc.gov/MARC21/slim">

  <leader>02219agaaa2200313   4500</leader>
  <controlfield tag="001">8728</controlfield>
  <controlfield tag="003">IT-RoPAU</controlfield>
  <controlfield tag="005">20220918181231.0</controlfield>
  <controlfield tag="007">d cvaizq</controlfield>
  <controlfield tag="008">50131s9999||||xx ||| |     ||   ||und||</controlfield>
  <datafield tag="040" ind1=" " ind2=" ">
    <subfield code="a">IT-RoPAU</subfield>
    <subfield code="c">IT-RoPAU</subfield>
  </datafield>
  <datafield tag="041" ind1=" " ind2=" ">
    <subfield code="a">ITALIANO</subfield>
  </datafield>
  <datafield tag="100" ind1=" " ind2=" ">
    <subfield code="a">Costa Fabrizio</subfield>
    <subfield code="g">Codice regista SPICS: 50379</subfield>
    <subfield code="9">40936</subfield>
  </datafield>
  <datafield tag="130" ind1=" " ind2=" ">
    <subfield code="a">PAOLO VI - IL PAPA NELLA TEMPESTA</subfield>
    <subfield code="9">40937</subfield>
  </datafield>
  <datafield tag="245" ind1=" " ind2=" ">
    <subfield code="a">PAOLO VI - IL PAPA NELLA TEMPESTA</subfield>
    <subfield code="c">Prodotto da: Bernabei M. E L. -- Sceneggiatura: Arlanch Francesco Nuccetelli Maura Pagano Gianmario -- Diretto da: Costa Fabrizio</subfield>
    <subfield code="p">PAOLO VI - IL PAPA NELLA TEMPESTA (Rif. Codice opera principale : H8728)</subfield>
  </datafield>
  <datafield tag="250" ind1=" " ind2=" ">
    <subfield code="a">Edizione Standard</subfield>
  </datafield>
  <datafield tag="260" ind1=" " ind2=" ">
    <subfield code="a">(ITALIA)</subfield>
    <subfield code="b">LUX VIDE - RAI FICTION / Distribuzione: MULTIMEDIA SAN PAOLO</subfield>
    <subfield code="g">"2008 (1&#xB0; ed.: 2009 ; Ed. Lingua Orig.: 2008)"</subfield>
  </datafield>
  <datafield tag="300" ind1=" " ind2=" ">
    <subfield code="a">DVD</subfield>
    <subfield code="b">sonoro, col.</subfield>
    <subfield code="c">180 minuti</subfield>
  </datafield>
  <datafield tag="508" ind1=" " ind2=" ">
    <subfield code="a">"Fotografia: Galasso Giovanni; Montaggio: Corradi Alessandro; Musica: Frisina Marco; Sceneggiatura: Arlanch Francesco Nuccetelli Maura Pagano Gianmario; Scenografia: Geleng Antonello; "</subfield>
  </datafield>
  <datafield tag="511" ind1=" " ind2=" ">
    <subfield code="a">"Gifuni Fabrizio; Marino Mauro; Catania Antonio; Rigillo Mariano; Botosso Claudio"</subfield>
  </datafield>
  <datafield tag="520" ind1=" " ind2=" ">
    <subfield code="a">"FILM TV ANDATO IN ONDA SU RAIUNO NEL 2008. BIOGRAFIA DEL PAPA CHE HA TRAGHETTATO LA CHIESA NELLA MODERNITA'. PRIMO PAPA A VIAGGIARE IN AEREO TOCCANDOTUTTI I CONTINENTI. PRIMO PAPA A TORNARE IN PALESTINA. IL PRIMO A RIABBRACCIARE IL PATRIARCA ORTODOSSO. IL PRIMO PAPA A PARLARE ALLE NAZIONI UNITE. UOMO DEL DIALOGO E DEL CONFRONTO, UOMO DI FEDE E DI LIBERTA'. PORTO' A COMPIMENTO IL CONCILIO VOLUTO DAL SUO PREDECESSORE. UOMO DI AMICIZIA E DI PACE, ACCETTO' IL DOLORE DELL'INCOMPRENSIONE PER AMORE DELLA VERITA', MA VOLLE ANCHE RIVOLGERSI ALLE BRIGATE ROSSE, PUR DI SALVARE LA VITA DI UN UOMO. CONTENUTI EXTRA: BACKSTAGE, INTERVISTE CON ATTORI E REGISTA; TRAILER."</subfield>
  </datafield>
  <datafield tag="538" ind1=" " ind2=" ">
    <subfield code="a">PAL, STEREO</subfield>
  </datafield>
  <datafield tag="546" ind1=" " ind2=" ">
    <subfield code="a">ITALIANO</subfield>
  </datafield>
  <datafield tag="650" ind1=" " ind2=" ">
    <subfield code="a">BIOGRAFICO</subfield>
    <subfield code="e">DVD-FILM [DVD]</subfield>
    <subfield code="x">Codice MATERIA SPICS: 9947</subfield>
    <subfield code="9">37079</subfield>
  </datafield>
  <datafield tag="700" ind1=" " ind2=" ">
    <subfield code="a">Costa Fabrizio </subfield>
    <subfield code="e">(regista)</subfield>
    <subfield code="g">Codice regista SPICS: 50379</subfield>
    <subfield code="9">40938</subfield>
  </datafield>
  <datafield tag="700" ind1=" " ind2=" ">
    <subfield code="a">Frisina Marco</subfield>
    <subfield code="e">(musica)</subfield>
    <subfield code="g">Codice Musica SPICS: 38406</subfield>
    <subfield code="9">40939</subfield>
  </datafield>
  <datafield tag="700" ind1=" " ind2=" ">
    <subfield code="a">Ross Gary </subfield>
    <subfield code="e">(soggetto)</subfield>
    <subfield code="g">Codice Soggetto SPICS: 42617</subfield>
    <subfield code="9">40940</subfield>
  </datafield>
  <datafield tag="942" ind1=" " ind2=" ">
    <subfield code="c">DV</subfield>
    <subfield code="2">ddc</subfield>
  </datafield>
  <datafield tag="999" ind1=" " ind2=" ">
    <subfield code="c">105354</subfield>
    <subfield code="d">105354</subfield>
  </datafield>
  <datafield tag="952" ind1=" " ind2=" ">
    <subfield code="0">0</subfield>
    <subfield code="1">0</subfield>
    <subfield code="4">0</subfield>
    <subfield code="6">H_8728_000000000000000</subfield>
    <subfield code="7">1</subfield>
    <subfield code="a">SPICS</subfield>
    <subfield code="b">SPICS</subfield>
    <subfield code="d">2015-01-31</subfield>
    <subfield code="l">0</subfield>
    <subfield code="o">H8728</subfield>
    <subfield code="r">2015-01-31 00:00:00</subfield>
    <subfield code="w">2015-01-31</subfield>
    <subfield code="y">DV</subfield>
    <subfield code="z">Progr. Ins.: 3797 / N.Vol.:1 / Copie: 1 / Pag.:0 / Copia rara: n.d. / date import: 1.2.2015 / By Epidotti, Trombetti, Vaglietti</subfield>
  </datafield>
</record>
